DIETARY SUPPLEMENTS AND NUTRACEUTICALS (Record no. 32496)

MARC details
000 -LEADER
fixed length control field 00308nam a22001337a 4500
003 - CONTROL NUMBER IDENTIFIER
control field SGT
020 ## - INTERNATIONAL STANDARD BOOK NUMBER
International Standard Book Number 97815-43343-24-3
082 ## - DEWEY DECIMAL CLASSIFICATION NUMBER
Classification number 615.1
Item number AMB
100 ## - MAIN ENTRY--PERSONAL NAME
Personal name AMBADE, SHILPA MANDE
245 ## - TITLE STATEMENT
Title DIETARY SUPPLEMENTS AND NUTRACEUTICALS
260 ## - PUBLICATION, DISTRIBUTION, ETC. (IMPRINT)
Place of publication, distribution, etc INDIA
Name of publisher, distributor, etc S. VIKASH
Year of Publication 2019
300 ## - PAGE DESCRIPTION
No. of Pages 302
942 ## - ADDED ENTRY ELEMENTS (KOHA)
Source of classification or shelving scheme Dewey Decimal Classification
Koha item type Books
Holdings
Withdrawn status Lost status Source of classification or shelving scheme Damaged status Not for loan Collection code Home library Current library Date acquired SGTU Total Checkouts Full call number Accession No. (Barcode) Date last seen Bill Date Koha item type
    Dewey Decimal Classification     SCIENCE SGT Science & Social Sciences Library SGT Science & Social Sciences Library 26/08/2025 SGTU   615.1 AMB DP167 26/08/2025 26/08/2025 Books